| 000 | 00654nam a2200193Ii 4500 | ||
|---|---|---|---|
| 003 | JO-AjNU | ||
| 008 | 230605s9999||||xx |||||||||||||| ||und|| | ||
| 040 |
_aJO-AjNU _bara _erda _cJO-AjNU |
||
| 041 | _aara | ||
| 050 | 1 | 4 | _aLB1590.3.L3622 1979 |
| 100 | 3 |
_aاللقائي،أحمد حسين, _eauthor _913687 |
|
| 245 | 0 | 0 | _aالمواد الإجتماعية وتنمية التفكير |
| 264 | 3 | 1 | _aالقاهرة:عالم الكتب،1979 |
| 300 | _a159ص | ||
| 336 |
_atext _btxt _2rdacontent |
||
| 337 |
_aunmediated _bn _2rdamedia |
||
| 338 |
_avolume _bnc _2rdacarrier |
||
| 650 | 4 |
_aالعلوم الإجتماعية-دراسة وتعليم _913688 |
|
| 999 |
_aA3472 _c7040 _d7040 |
||